| 000 | 01166nam a2200205Ii 4500 | ||
|---|---|---|---|
| 003 | JO-AjNU | ||
| 008 | 230605s9999||||xx |||||||||||||| ||und|| | ||
| 017 | _a2011/8/3186 | ||
| 040 |
_aJO-AjNU _bara _erda _cJO-AjNU |
||
| 041 | _aara | ||
| 050 | 1 | 4 | _aK5015.4.A5.J67 2010 |
| 100 | 3 |
_aإعداد المعهد القضائي الأردني؛ إشراف وترجمة عصام حداد, _eauthor _946090 |
|
| 245 | 0 | 0 | _aندوة بدائل عقوبة السجن: عمان 3-4 تشرين الثاني 2010: المعهد القضائي الأردني بالتعاون مع المدرسة الوطنية للقضاء في فرنسا والسفارة الفرنسية في الأردن |
| 264 | 3 | 1 | _aعمان: المعهد القضائي الاردني، 2010 |
| 300 |
_a71ص باللغة العربية ، 36 ص باللغة الفرنسية _bيتضمن نصوص باللغة الفرنسية وصور ملونة |
||
| 336 |
_atext _btxt _2rdacontent |
||
| 337 |
_aunmediated _bn _2rdamedia |
||
| 338 |
_avolume _bnc _2rdacarrier |
||
| 650 | 4 |
_aالعقوبات - مؤتمرات - السجون - مؤتمرات - الجريمة والمجرمون - مؤتمرات _946091 |
|
| 999 |
_aA20026 _c23594 _d23594 |
||